000 01740cam a2200361 a 4500
001 15795475
003 OSt
005 20211102084429.0
008 090629s2010 cou b 001 0 eng
010 _a 2009026973
020 _a9781588266958 (pbk. : alk. paper)
020 _a9781588266705 (alk. paper)
040 _aDLC
_cHU
_dDLC
043 _an-us---
050 0 0 _aJK2281
_b.L39 2010
082 0 0 _a324.973/0931
_222
100 1 _aLawrence, Regina G.,
_d1961-
_916549
245 1 0 _aHillary Clinton's race for the White House :
_bgender politics and the media on the campaign trail /
_cRegina G. Lawrence, Melody Rose.
260 _aBoulder, CO :
_bLynne Rienner Publishers,
_c2010.
300 _ax, 276 p. ;
_c23 cm.
504 _aIncludes bibliographical references (p. 241-265) and index.
505 0 _aWomen & presidential politics -- The media & the path to the White House -- Hillary Clinton in context -- Clinton's gender strategy -- Quantity vs. quality of media coverage -- A gendered game? -- The future female presidency.
600 1 0 _aClinton, Hillary Rodham.
_916550
600 1 0 _aClinton, Hillary Rodham
_xRelations with journalists.
_916551
650 0 _aPolitical campaigns
_zUnited States
_xHistory
_y21st century.
_916552
650 0 _aWomen presidential candidates
_xPress coverage
_zUnited States
_xHistory
_y21st century.
_916553
650 0 _aPress and politics
_zUnited States
_xHistory
_y21st century.
_916554
650 0 _aPresidents
_zUnited States
_xElection
_y2008.
_916555
700 1 _aRose, Melody.
_916556
906 _a7
_bcbc
_corignew
_d1
_eecip
_f20
_gy-gencatlg
942 _2ddc
_cBOOKS
_n0
999 _c16199
_d16199